000 00628nam a2200181Ia 4500
008 151018s9999 xx 000 0 und d
082 _bRBASDV41601
_a925
100 _aसुरेश मथुरे
245 _aआपले भारतीय शास्त्रज्ञ
250 _b1
260 _bमधुराज
_c2005
300 _a48
600 _aसुरेश मथुरे
630 _aआपले भारतीय शास्त्रज्ञ
700 _aसुरेश मथुरे
730 _aआपले भारतीय शास्त्रज्ञ
942 _cBOOK
999 _c1040841
_d1040838